| 000 | 01832cam a22003371 4500 | ||
|---|---|---|---|
| 001 | l 33000128 | ||
| 003 | DLC | ||
| 005 | 20260227111534.0 | ||
| 008 | 820826m19131933dcu f000 0 eng c | ||
| 010 | _al 33000128 | ||
| 035 | _a(OCoLC)8720529 | ||
| 040 |
_aU.S. Dept. of Labor. Library. _cOCoLC _dDLC |
||
| 042 | _apremarc | ||
| 050 | 0 | 0 |
_aHD8051 _b.A62 |
| 051 | _c2d set. | ||
| 110 | 1 |
_aUnited States. _bBureau of Labor Statistics. |
|
| 245 | 1 | 0 | _aLabor legislation of 1912-32. |
| 260 |
_aWashington, _bU.S. Govt. Print. Off., _c1913-33. |
||
| 300 |
_a17 v. _c24 cm. |
||
| 490 | 0 |
_aBulletin ... _vno. 111, 166, 186, 213, 244, 257, 277, 292, 308, 330, 403, 434, 470, 486, 528, 552, 590. _aLabor laws of the United States series |
|
| 500 | _aIssued by the Bureau of Labor Statistics. | ||
| 500 | _a1931 and 1932 combined in one volume (no. 590) Compilers: 1912-26, Lindley D. Clark; 1927-28, Daniel F. Callahan and Charles F. Sharkey; 1929-32, Charles F. Sharkey. | ||
| 500 | _aStatistics for 1908-1909-1911 are found in the Bulletin of the U.S. Bureau of Labor, no. 85, 91 and 97 respectively. | ||
| 500 | _aLegislation of 1913 was included in the compilation, "Labor laws of the United States ..." issued in 1914 (Bulletin no. 148); and legislation of 1923 and 1924 in "Labor laws of the United States ..." issued in 1925 (Bulletin no. 370) The annual bulletins are supplements of these basic bulletins. 1933- issued as reprints from the Monthly labor review. | ||
| 500 | _aIssued also as House documents. | ||
| 650 | 0 |
_aLabor laws and legislation _zUnited States. |
|
| 700 | 1 |
_aClark, Lindley D. _q(Lindley Daniel), _d1862- _ecomp. |
|
| 700 | 1 |
_aCallahan, Daniel F. _q(Daniel Francis), _ecomp. |
|
| 700 | 1 |
_aSharkey, Charles F. _q(Charles Francis), _d1894- _ecomp. |
|
| 710 | 1 |
_aUnited States. _tLaws, statutes, etc. |
|
| 999 |
_c36112 _d36112 |
||